000 00611nam a22001937a 4500
005 20250703165628.0
010 _aENG-136125 ENG-145679
020 _c70.00
035 _aEN-119657
035 _aEN-129211
037 _bDBAD/PUB
082 _a270.14
100 _aEl-Awa, Mohammed S.
_982555
245 _aPunishment in Islamic Law/
_cMohammed S. El-Awa
260 _aNew Delhi
_bMarkazi Maktaba Islami Publishers
_c2001
270 _aD-307, Dawat Nagar, Abul Fazl Enclave, Jamia Nagar, Okhla
_bNew Delhi
_e110025
300 _a240p.
_bIndex
_c22cm(pbk)
942 _2ddc
_cEN
_h270.14
_mELA
999 _c194979
_d194979